| 000 | 00608nam a2200193 a 4500 | ||
|---|---|---|---|
| 005 | 20230531063723.0 | ||
| 008 | 991125 mx 000 0 spa u | ||
| 020 | _a9686173935 | ||
| 035 | _aUPN01000054721 | ||
| 049 | _aCG | ||
| 050 | 4 |
_aF1346 _bR3.8 |
|
| 100 | 1 | _aRadding de Murrieta, Cynthia | |
| 245 | 1 | 0 |
_aSonora : _buna historia compartida / _cCynthia Radding de Murrieta, Juan José Gracida Romo. |
| 260 |
_aMéxico : _bGobierno del Estado de Sonora : _bInstituto Mora, |
||
| 300 | _ax, 333 p. | ||
| 651 | 4 |
_aSonora _xHistoria _914970 |
|
| 700 | 1 |
_aGracida Romo, Juan José, _ecoaut. |
|
| 905 | _aLibro | ||
| 999 |
_c54721 _d54721 |
||